<?xml version="1.0" encoding="UTF-8"?>
<record
    xmlns:xsi="http://www.w3.org/2001/XMLSchema-instance"
    xsi:schemaLocation="http://www.loc.gov/MARC21/slim http://www.loc.gov/standards/marcxml/schema/MARC21slim.xsd"
    xmlns="http://www.loc.gov/MARC21/slim">

  <leader>01150nam a22002415i 4500</leader>
  <controlfield tag="001">168042</controlfield>
  <controlfield tag="003">ES-MaACL</controlfield>
  <controlfield tag="005">20250920063109.0</controlfield>
  <controlfield tag="008">991015s1842    sp           |||| | spa d</controlfield>
  <datafield tag="080" ind1=" " ind2=" ">
    <subfield code="a">378.4(460.235 B.)(073)</subfield>
  </datafield>
  <datafield tag="100" ind1="1" ind2=" ">
    <subfield code="a">Y&#xE1;&#xF1;ez y Girona, Agust&#xED;n, </subfield>
    <subfield code="d">1789-1857</subfield>
    <subfield code="9">134002</subfield>
  </datafield>
  <datafield tag="245" ind1="1" ind2="0">
    <subfield code="a">De necessario scientiarum omnium foedere oratio quam in solemni Studiorum Academiae Barcinonensis inauguratione protulit / </subfield>
    <subfield code="c">Augustinus Ya&#xF1;ez et Girona.</subfield>
  </datafield>
  <datafield tag="260" ind1=" " ind2=" ">
    <subfield code="a">Barcinone : </subfield>
    <subfield code="b">[s.n.], </subfield>
    <subfield code="c">1842 (</subfield>
    <subfield code="f">Typis Antonii Bergn&#xE9;s et Sociorum)</subfield>
  </datafield>
  <datafield tag="300" ind1=" " ind2=" ">
    <subfield code="a">46 p. ; </subfield>
    <subfield code="c">23 cm.</subfield>
  </datafield>
  <datafield tag="500" ind1=" " ind2=" ">
    <subfield code="a">Incluye (p. 21-46) programas de diferentes asignaturas de la Universidad Literaria de Barcelona.</subfield>
  </datafield>
  <datafield tag="530" ind1=" " ind2=" ">
    <subfield code="a">Disponible en formato digital.</subfield>
  </datafield>
  <datafield tag="546" ind1=" " ind2=" ">
    <subfield code="a">Texto en lat&#xED;n y espa&#xF1;ol.</subfield>
  </datafield>
  <datafield tag="610" ind1="2" ind2="4">
    <subfield code="a">Universidad de Barcelona-</subfield>
    <subfield code="v">Programas de estudios.</subfield>
    <subfield code="9">143741</subfield>
  </datafield>
  <datafield tag="710" ind1="2" ind2=" ">
    <subfield code="a">Universidad Literaria de Barcelona.</subfield>
    <subfield code="9">170031</subfield>
  </datafield>
  <datafield tag="852" ind1="4" ind2=" ">
    <subfield code="a">ES-MaACL</subfield>
    <subfield code="j">T-18-F-4   </subfield>
    <subfield code="z">- Enc. hol., falto de cub. original   </subfield>
    <subfield code="z">- Enc. en un vol. facticio</subfield>
  </datafield>
  <datafield tag="856" ind1="4" ind2=" ">
    <subfield code="u">http://hdl.handle.net/2445/3262 </subfield>
    <subfield code="z">Dip&#xF2;sit Digital de la Universitat de Barcelona</subfield>
  </datafield>
  <datafield tag="999" ind1=" " ind2=" ">
    <subfield code="c">168042</subfield>
    <subfield code="d">168042</subfield>
  </datafield>
  <datafield tag="952" ind1=" " ind2=" ">
    <subfield code="0">0</subfield>
    <subfield code="1">0</subfield>
    <subfield code="4">0</subfield>
    <subfield code="7">0</subfield>
    <subfield code="8">Colecci&#xF3;n_de_folletos</subfield>
    <subfield code="a">ATENEOM</subfield>
    <subfield code="b">ATENEOM</subfield>
    <subfield code="c">DEPOF</subfield>
    <subfield code="d">2008-01-17</subfield>
    <subfield code="l">0</subfield>
    <subfield code="o">T-18-F-4</subfield>
    <subfield code="p">1176295</subfield>
    <subfield code="r">2023-02-23 00:00:00</subfield>
    <subfield code="w">2023-02-23</subfield>
    <subfield code="y">FOLLETOS</subfield>
  </datafield>
</record>
